Cesarze Rzymscy - nagła śmierć - Statystyki

Ogólne statystyki
  • Ten quiz został rozwiązany 5 813 razy
    1 827 od ostatniego zresetowania
  • Średni wynik to 6 z 16
Answers on the Grid
Answers color-coded by a green-red scale on the quiz's grid according to % correct below.
Aleksander Wielki
August
Aurelian
Kaligula
Kato
Karol Wielki
Cyceron
Klaudiusz
Kommodus
Konstantyn
Dioklecjan
Galba
Hadrian
Hannibal
Herod
Leonidas
Lukrecjusz
Marek Agrippa
Marek Aureliusz
Marek Brutus
Marek Antoniusz
Mithridates
Neron
Nerwa
Pompejusz
Remus
Scypion
Septymiusz Sewer
Spartakus
Tyberiusz
Trajan
Walerian
 
Statystyki odpowiedzi
Odpowiedź % Poprawnych
August
66%
Kaligula
66%
Aurelian
52%
Klaudiusz
51%
Hadrian
40%
Konstantyn
39%
Dioklecjan
36%
Marek Aureliusz
35%
Neron
35%
Kommodus
31%
Tyberiusz
28%
Trajan
27%
Galba
21%
Walerian
19%
Septymiusz Sewer
16%
Nerwa
15%
Nie znaleziono quizów pasujących do podanych kryteriów
Rozkład punktacji
Procent ludzi z każdym wynikiem
Percentyl według liczby udzielonych odpowiedzi
Twoja historia wyników
Nie rozwiązałeś tego quizu od ostatniego zresetowania